[Event "London Classic Open 2016"]
[Site "London ENG"]
[Date "2016.12.10"]
[Round "2.57"]
[White "Stephan, Axel"]
[Black "Gudenas, Motiejus"]
[Result "1/2-1/2"]
[WhiteElo "2239"]
[BlackElo "1919"]
[WhiteFideId "4632834"]
[BlackFideId "2405229"]
[EventDate "2016.12.09"]

1. e4 e5 2. Nf3 Nc6 3. Bb5 f5 4. d3 fxe4 5. dxe4 Nf6 6. Qd3 Bc5 7. Nc3 d6 8. Na4
Bb4+ 9. c3 Ba5 10. O-O Bd7 11. b4 Bb6 12. Bg5 O-O 13. Nd2 h6 14. Bh4 Qe8 15.
Nxb6 axb6 16. Bc4+ Kh8 17. Bxf6 Rxf6 18. Bd5 Be6 19. Nc4 Bxd5 20. Qxd5 Qf7 21.
Ne3 Qxd5 22. Nxd5 Rf7 23. a4 Kg8 24. f3 Rd7 25. Kf2 Kf7 26. Ke2 Ne7 27. Nxe7
Kxe7 28. Rfd1 Ke6 29. c4 c6 30. Rd3 d5 31. cxd5+ cxd5 32. exd5+ Rxd5 33. Rxd5
Kxd5 34. Kd3 Rc8 35. Re1 Ra8 36. Ra1 Rc8 37. Re1 Ra8 1/2-1/2

[Event "London Classic Open 2016"]
[Site "London ENG"]
[Date "2016.12.10"]
[Round "2.58"]
[White "Taylor, Adam C"]
[Black "Burbidge, Duncan R"]
[Result "1-0"]
[WhiteTitle "FM"]
[WhiteElo "2212"]
[BlackElo "1918"]
[WhiteFideId "424668"]
[BlackFideId "412198"]
[EventDate "2016.12.09"]

1. Nf3 Nf6 2. g3 Nc6 3. d4 e6 4. Bg2 Be7 5. O-O O-O 6. Nbd2 d5 7. b3 a5 8. Bb2
a4 9. c4 a3 10. Bc3 Bb4 11. Bxb4 Nxb4 12. Ne5 Qe7 13. Qc1 Rd8 14. Rd1 Nd7 15.
Nxd7 Bxd7 16. e4 Bc6 17. cxd5 exd5 18. e5 Bb5 19. f4 Be2 20. Re1 Nd3 21. Qc3
Nxe1 22. Rxe1 Bg4 23. h3 Be6 24. g4 g6 25. Qg3 Qb4 26. Nf3 Kh8 27. Qh4 Qf8 28.
f5 Bc8 29. Ng5 h6 30. Nxf7+ Kg7 31. Nxd8 g5 32. f6+ Kh7 33. Qh5 1-0

[Event "London Classic Open 2016"]
[Site "London ENG"]
[Date "2016.12.10"]
[Round "2.59"]
[White "Eames, Robert S"]
[Black "Cole, James"]
[Result "0-1"]
[WhiteTitle "FM"]
[WhiteElo "2187"]
[BlackElo "1827"]
[WhiteFideId "408743"]
[BlackFideId "431818"]
[EventDate "2016.12.09"]

1. e4 d6 2. d4 Nf6 3. Nc3 Nbd7 4. g4 h6 5. h3 e5 6. Nge2 Be7 7. Bg2 c6 8. Be3
O-O 9. Ng3 exd4 10. Qxd4 Nc5 11. O-O-O Qa5 12. Kb1 Ne6 13. Qd2 Re8 14. Nd5 Qxd2
15. Nxe7+ Rxe7 16. Rxd2 Nc5 17. Rxd6 Ncxe4 18. Rd8+ Kh7 19. Nxe4 Nxe4 20. Rhd1
b6 21. Rf8 Bxg4 22. Rxa8 Bxd1 23. Bxe4+ Rxe4 24. Rxa7 Bh5 25. a4 Bg6 26. b3 c5
27. Kb2 f6 28. a5 bxa5 29. c4 Bf5 30. Rxa5 Bxh3 31. Rxc5 Bg4 32. Kc3 h5 33. Kd3
Re7 34. b4 h4 35. Bf4 Re2 36. b5 Rxf2 37. b6 Rb2 38. Bc7 h3 39. Ke3 Rxb6 40. Bg3
g5 0-1

[Event "London Classic Open 2016"]
[Site "London ENG"]
[Date "2016.12.10"]
[Round "2.60"]
[White "Solli, Oddvar"]
[Black "Kalavannan, Koby"]
[Result "0-1"]
[WhiteElo "1731"]
[BlackElo "2163"]
[WhiteFideId "1501208"]
[BlackFideId "425753"]
[EventDate "2016.12.09"]

1. d4 Nf6 2. c4 g6 3. Nc3 Bg7 4. e4 d6 5. Be2 O-O 6. Bg5 Nbd7 7. Qd2 e5 8. d5 a5
9. f3 Nc5 10. h4 Qd7 11. Nh3 Nh5 12. g4 Ng3 13. Rg1 Nxe2 14. Qxe2 h6 15. Be3 Qe7
16. g5 Bxh3 17. Rh1 Bd7 18. gxh6 Bf6 19. h5 Kh7 20. hxg6+ fxg6 21. O-O-O Bg5 0-1

[Event "London Classic Open 2016"]
[Site "London ENG"]
[Date "2016.12.10"]
[Round "2.61"]
[White "Hung, Jake"]
[Black "Bates, Caspar J"]
[Result "1/2-1/2"]
[WhiteElo "1623"]
[BlackElo "2156"]
[WhiteFideId "426431"]
[BlackFideId "414760"]
[EventDate "2016.12.09"]

1. c4 Nf6 2. g3 e6 3. Bg2 d5 4. b3 c5 5. Nf3 Nc6 6. O-O d4 7. d3 Be7 8. Na3 O-O
9. Nc2 e5 10. Bb2 Bg4 11. h3 Bf5 12. Qd2 Qc8 13. Kh2 Rd8 14. Rad1 h6 15. e4 Bh7
16. Bc1 Ne8 17. Ng1 g5 18. f4 exf4 19. gxf4 Ng7 20. Qf2 Rf8 21. Kh1 Qd7 22. f5
f6 23. Bf3 Rad8 24. Ne2 Bd6 25. Rg1 Qe8 26. h4 Ne5 27. Rg2 Kf7 28. hxg5 hxg5 29.
Ng3 Ke7 30. Be2 Kd7 31. Rh2 Bg8 32. Kg2 Bf7 33. Rdh1 Kc8 34. Rh7 Rg8 35. Bd2 Nc6
36. Qe1 Qe7 37. a3 Qe5 38. b4 cxb4 39. axb4 b5 40. c5 Bb8 41. Na3 a6 42. Qf2 Bb3
43. Bd1 Bxd1 44. Rxd1 Qxg3+ 45. Qxg3 Bxg3 46. Kxg3 Ne5 47. Be1 Ne8 48. Bf2 Nc7
49. Nc2 Nc6 50. Rf7 Ne8 51. Kg2 1/2-1/2

[Event "London Classic Open 2016"]
[Site "London ENG"]
[Date "2016.12.10"]
[Round "2.62"]
[White "Smith, Andrew Philip"]
[Black "Roebuck, Derek"]
[Result "1-0"]
[WhiteTitle "FM"]
[WhiteElo "2136"]
[BlackElo "1653"]
[WhiteFideId "2500833"]
[BlackFideId "3226999"]
[EventDate "2016.12.09"]

1. e4 e5 2. d4 exd4 3. Qxd4 Nc6 4. Qe3 Nf6 5. Nc3 Bb4 6. Bd2 O-O 7. O-O-O Re8 8.
Bc4 d6 9. f3 Ne5 10. Bb3 a5 11. a4 Nfd7 12. Nge2 Nc5 13. Nf4 Nxb3+ 14. cxb3 Bc5
15. Qe1 g5 16. Qg3 Kh8 17. Nh5 h6 18. Kc2 f5 19. h4 f4 20. Bxf4 1-0

[Event "London Classic Open 2016"]
[Site "London ENG"]
[Date "2016.12.10"]
[Round "2.63"]
[White "Lie, Terje"]
[Black "Hebbes, Tim"]
[Result "0-1"]
[WhiteElo "1563"]
[BlackElo "2113"]
[WhiteFideId "1504916"]
[BlackFideId "406570"]
[EventDate "2016.12.09"]

1. d4 Nf6 2. c4 e6 3. Nf3 Be7 4. Nc3 d5 5. e3 O-O 6. a3 b6 7. b4 a5 8. b5 Bb7 9.
a4 Bb4 10. Bd2 Qe7 11. Be2 dxc4 12. Bxc4 c5 13. O-O cxd4 14. Nxd4 e5 15. Nde2
Nbd7 16. Na2 Bc5 17. Ng3 Rac8 18. Be2 Rfd8 19. Qb1 Nf8 20. Rd1 Ng6 21. Be1 Rxd1
22. Qxd1 Nh4 23. Bf1 Qe6 24. h3 Be7 25. Nc3 h6 26. f3 Ng6 27. Qb1 Bc5 28. Kf2
Nd5 29. Nxd5 Qxd5 30. Ne4 Bxe3+ 31. Kxe3 Qd4+ 0-1

[Event "London Classic Open 2016"]
[Site "London ENG"]
[Date "2016.12.10"]
[Round "2.65"]
[White "Siva, Mahadevan"]
[Black "Vachtfeidl, Petr"]
[Result "1-0"]
[WhiteTitle "IM"]
[WhiteElo "2360"]
[BlackElo "1963"]
[WhiteFideId "25043153"]
[BlackFideId "315028"]
[EventDate "2016.12.09"]

1. e4 c5 2. Nf3 e6 3. d4 cxd4 4. Nxd4 Nf6 5. Nc3 d6 6. g4 h6 7. h4 Nc6 8. Rg1 h5
9. gxh5 Nxh5 10. Bg5 Qb6 11. Nb3 a6 12. Qd2 Qc7 13. O-O-O b5 14. Bxb5 axb5 15.
Nxb5 Qb8 16. Nxd6+ Bxd6 17. Qxd6 Qxd6 18. Rxd6 Bd7 19. Rgd1 Ne5 20. f4 f6 21.
fxe5 fxg5 22. hxg5 O-O 23. Rxd7 Rxa2 24. Rd8 Ra8 25. Rxf8+ Rxf8 26. Nc5 Nf4 27.
b4 1-0

[Event "London Classic Open 2016"]
[Site "London ENG"]
[Date "2016.12.10"]
[Round "2.66"]
[White "Aradhya, Garg"]
[Black "French, Max"]
[Result "1-0"]
[WhiteElo "2231"]
[BlackElo "1962"]
[WhiteFideId "25006746"]
[BlackFideId "426652"]
[EventDate "2016.12.09"]

1. d4 Nf6 2. c4 e6 3. Nf3 b6 4. a3 Bb7 5. Nc3 d5 6. cxd5 Nxd5 7. Qc2 Be7 8. e4
Nxc3 9. bxc3 O-O 10. Bd3 c5 11. O-O Qc8 12. Qe2 Ba6 13. Rd1 Bxd3 14. Rxd3 Nd7
15. e5 Re8 16. h4 cxd4 17. cxd4 Qc4 18. Bg5 Bxg5 19. Nxg5 Re7 20. Qe4 Nf8 21.
Nxh7 Qd5 22. Qxd5 exd5 23. Nxf8 Kxf8 24. Rc1 f6 25. Rf3 Kf7 26. Rc6 Re6 27. Rc7+
Re7 28. e6+ Kf8 29. Rc6 Rae8 30. Re3 g6 31. Rd6 f5 32. g3 Kg7 33. Rxd5 Kf6 34.
Rde5 Rxe6 35. f4 b5 36. Kf2 a5 37. Rb3 b4 38. axb4 axb4 39. Rxb4 Ra8 40. Rxe6+
Kxe6 41. Rb6+ Kd5 42. Rxg6 Ra2+ 43. Kf3 Ra3+ 44. Kg2 Ra2+ 45. Kh3 Ke4 46. h5 Kf3
47. h6 Rd2 48. h7 Rd1 49. Kh4 Rh1+ 50. Kg5 Rxh7 51. d5 Ke4 52. d6 Rf7 53. Re6+
Kd5 54. Re7 Rf8 55. d7 Rg8+ 56. Kxf5 Rf8+ 57. Kg6 Rd8 58. f5 Kd6 59. f6 Rg8+ 60.
Rg7 1-0

[Event "London Classic Open 2016"]
[Site "London ENG"]
[Date "2016.12.10"]
[Round "2.67"]
[White "Gross, Willi"]
[Black "McKerracher, Douglas"]
[Result "1-0"]
[WhiteElo "2144"]
[BlackElo "1962"]
[WhiteFideId "1270470"]
[BlackFideId "2401002"]
[EventDate "2016.12.09"]

1. d4 f5 2. Nc3 Nf6 3. Bg5 d5 4. Bxf6 exf6 5. e3 Be6 6. Bd3 Qd7 7. Qf3 Nc6 8. a3
O-O-O 9. O-O-O Na5 10. Nge2 g6 11. h3 a6 12. Nf4 Kb8 13. Nxe6 Qxe6 14. g4 Qc6
15. Ne2 fxg4 16. hxg4 Be7 17. Rh6 Nc4 18. Rdh1 Qb5 19. Bxc4 Qxc4 20. Rxh7 Rhe8
21. Nf4 Rd6 22. Qe2 Qa2 23. Nxg6 Rb6 24. Nxe7 Rxb2 25. Qd3 Rxe7 26. Rxe7 Rb1+
27. Kd2 Rxh1 28. Qc3 c6 29. Qb4 1-0

[Event "London Classic Open 2016"]
[Site "London ENG"]
[Date "2016.12.10"]
[Round "2.68"]
[White "Peiris, T G M"]
[Black "Jones, Tibor"]
[Result "1-0"]
[WhiteElo "2134"]
[BlackElo "1946"]
[WhiteFideId "9901310"]
[BlackFideId "2405288"]
[EventDate "2016.12.09"]

1. e4 c5 2. Nf3 d6 3. d4 cxd4 4. Nxd4 Nf6 5. Nc3 a6 6. Be3 e6 7. f3 b5 8. a3
Nbd7 9. Qd2 Bb7 10. g4 Nb6 11. g5 Nfd7 12. Bd3 Rc8 13. f4 d5 14. exd5 Nxd5 15.
Nxd5 Bxd5 16. Rf1 Nc5 17. Rf2 Ne4 18. Bxe4 Bxe4 19. O-O-O g6 20. Nb3 Qxd2+ 21.
Rdxd2 Be7 22. Bd4 O-O 23. c3 Bd5 24. Kc2 Rfd8 25. Nc1 Rd7 26. Kd3 Bc5 27. Bxc5
Rxc5 28. Ke3 Rc4 29. Rd4 Rdc7 30. Nd3 Rxd4 31. Kxd4 Rc4+ 32. Ke5 Re4+ 33. Kd6 a5
34. Nc5 Rc4 35. Nd7 Kg7 36. Ne5 Rc8 37. Rd2 Rb8 38. Kc5 Rb7 39. Ng4 Be4 40. Rd8
Bc2 41. Nf6 1-0

[Event "London Classic Open 2016"]
[Site "London ENG"]
[Date "2016.12.10"]
[Round "2.69"]
[White "Thode, Gilda"]
[Black "Ethelontis, Alexandros N"]
[Result "1/2-1/2"]
[WhiteElo "1943"]
[BlackElo "2133"]
[WhiteFideId "1323628"]
[BlackFideId "405469"]
[EventDate "2016.12.09"]

1. d4 e6 2. c4 Nf6 3. Nf3 Bb4+ 4. Nbd2 d6 5. Qa4+ Nc6 6. a3 Bxd2+ 7. Bxd2 O-O 8.
Qc2 e5 9. dxe5 dxe5 10. Bc3 Re8 11. b4 Bg4 12. Qb2 e4 13. Nd4 e3 14. f3 Be6 15.
Nxe6 Rxe6 16. g3 Rd6 17. Bg2 Qe7 18. b5 Rd2 19. Bxd2 exd2+ 20. Qxd2 Rd8 21. Qc3
Nd4 22. Ra2 Qc5 23. e3 Nxb5 24. Qb4 Qxe3+ 25. Re2 Nxa3 26. Rxe3 Nc2+ 27. Ke2
Nxb4 28. Re7 Na6 29. f4 Kf8 30. Re3 Nc5 31. h3 a5 32. Rb1 b6 33. Bc6 Ne6 34. Kf2
Rd2+ 35. Ke1 Rh2 36. Rd1 g6 37. h4 Rc2 38. Bb5 Ng4 39. Re2 Rc3 40. Bd7 Ke7 41.
Rd4 Rxg3 42. Bxe6 fxe6 43. Rde4 Kd6 44. Rxe6+ Kc5 45. Re7 c6 46. R2e6 a4 47. Ke2
a3 48. Rc7 a2 49. Rcxc6+ Kd4 50. Rcd6+ Kc5 51. Rc6+ Kd4 52. Rcd6+ Kc3 53. Rd1
Rg2+ 54. Kf3 Rb2 55. Kxg4 Rb1 56. Ree1 a1=Q 57. Rxb1 Qa5 58. Rec1+ Kd4 59. Rb5
Qa7 60. Rd5+ Ke3 61. Kg3 Ke2 62. Rc2+ Ke3 63. Rc1 Ke2 64. Rc2+ Ke3 65. Rc1 Ke2 1/2-1/2

[Event "London Classic Open 2016"]
[Site "London ENG"]
[Date "2016.12.10"]
[Round "2.70"]
[White "O'Molloy, Eamonn"]
[Black "Peters, Stephen G"]
[Result "1-0"]
[WhiteElo "1942"]
[BlackElo "2128"]
[WhiteFideId "2505843"]
[BlackFideId "406040"]
[EventDate "2016.12.09"]

1. d4 d5 2. Nf3 Nf6 3. c4 e6 4. cxd5 exd5 5. Bg5 Be7 6. e3 O-O 7. Bd3 c6 8. Qc2
Nbd7 9. Nc3 Re8 10. O-O Nf8 11. h3 g6 12. Bxf6 Bxf6 13. b4 Be7 14. Rab1 a6 15.
a4 Bd6 16. Rfc1 Qf6 17. Qd1 Ne6 18. b5 axb5 19. axb5 Ng5 20. Nxg5 Qxg5 21. Qf3
Re6 22. Qg4 Qe7 23. Ra1 Rxa1 24. Rxa1 Bd7 25. bxc6 bxc6 26. Ra7 Bb8 27. Rb7 Qd6
28. Qf4 Qxf4 29. exf4 Re1+ 30. Bf1 Bf5 31. Rxb8+ Kg7 32. Rb2 Bd3 33. Ne2 Rd1 34.
f3 Bxe2 35. Rxe2 Rxd4 36. Rc2 Rxf4 37. Rxc6 Rd4 38. Kf2 Rd1 39. Be2 Ra1 40. Rd6
Ra5 41. f4 1-0

[Event "London Classic Open 2016"]
[Site "London ENG"]
[Date "2016.12.10"]
[Round "2.71"]
[White "Horak, Martin"]
[Black "Skutta, Bernd"]
[Result "1/2-1/2"]
[WhiteElo "2126"]
[BlackElo "1942"]
[WhiteFideId "367095"]
[BlackFideId "4666950"]
[EventDate "2016.12.09"]

1. Nf3 d6 2. d4 Nf6 3. c4 g6 4. g3 Bg7 5. Bg2 O-O 6. O-O Nc6 7. Nc3 a6 8. d5 Na5
9. Qd3 c5 10. dxc6 Nxc6 11. Rd1 Qa5 12. h3 Be6 13. a3 Rac8 14. Be3 Nd7 15. b4
Qd8 16. c5 dxc5 17. bxc5 Qa5 18. Rac1 Nxc5 19. Bxc5 Qxc5 20. Ne4 Qa5 21. Nc5
Rfd8 22. Qe3 Qb6 23. Rxd8+ Rxd8 24. Qf4 Bf5 25. e4 Bc8 26. Bf1 Nd4 27. Ng5 Qf6
28. Qc7 Qd6 29. Nxb7 Bxb7 30. Qxb7 h6 31. e5 Qxe5 32. Nf3 Nxf3+ 33. Qxf3 a5 34.
a4 Qd5 35. Qe3 e6 36. Rc5 Qd2 37. Rc8 Kh7 38. Rxd8 Qxd8 39. Qf3 Bf6 40. Qd3 1/2-1/2

[Event "London Classic Open 2016"]
[Site "London ENG"]
[Date "2016.12.10"]
[Round "2.72"]
[White "Caglar, Sila"]
[Black "Klingher, Dominic"]
[Result "1/2-1/2"]
[WhiteTitle "WFM"]
[WhiteElo "1938"]
[BlackElo "2126"]
[WhiteFideId "6364063"]
[BlackFideId "428850"]
[EventDate "2016.12.09"]

1. e4 e6 2. d4 d5 3. Nd2 dxe4 4. Nxe4 Nf6 5. Nxf6+ gxf6 6. Be3 b6 7. Qf3 c6 8.
O-O-O Bb7 9. Bc4 Nd7 10. Ne2 Qe7 11. Ng3 O-O-O 12. Bf4 b5 13. Bxb5 Bh6 14. Bxh6
cxb5 15. Qb3 a6 16. Rhe1 Nb6 17. Bf4 Nd5 18. Bd2 Kb8 19. Ne4 Rc8 20. Nc5 Rhg8
21. g3 Qc7 22. Qxd5 Bxd5 23. Nxa6+ Kb7 24. Nxc7 Rxc7 25. Bf4 Rc6 26. b3 Rgc8 27.
Rd2 f5 28. Kb2 Be4 29. Rc1 h5 30. Bg5 Ka6 31. Be7 R6c7 32. Bb4 Rd7 33. c4 bxc4
34. bxc4 Rdc7 35. c5 Kb5 36. Kc3 Rd7 37. Rcd1 Rcd8 38. a4+ Kc6 39. f4 Ra7 40.
Ra2 Rb8 41. Rda1 Rd7 42. Ba5 f6 43. Bb6 h4 44. gxh4 Rh7 45. Rg1 Rxh4 46. Rg7 Rb7
47. Rg8 Rd7 48. a5 Rxf4 49. a6 Rf3+ 50. Kb4 Rxd4+ 51. Ka5 Rdd3 52. a7 Kd7 53.
Rd8+ Ke7 54. a8=Q Bxa8 55. Rxa8 Ra3+ 56. Kb5 Rfb3+ 57. Kc6 Rxa8 58. Rxa8 f4 59.
Ra7+ Ke8 60. Kd6 f3 61. Kxe6 Re3+ 62. Kxf6 f2 63. Ra8+ Kd7 64. c6+ Kxc6 65. Ra1
Re1 66. Bxf2 Rxa1 67. Be3 Kd5 68. h4 Rf1+ 69. Kg6 Ke6 70. Bg5 Rf8 71. Kg7 Rf7+
72. Kg6 Rc7 73. h5 Rc8 74. Bf6 Rc2 75. h6 Rg2+ 76. Bg5 Rh2 77. h7 Rxh7 78. Kxh7 1/2-1/2

[Event "London Classic Open 2016"]
[Site "London ENG"]
[Date "2016.12.10"]
[Round "2.73"]
[White "Suder, Ryszard"]
[Black "Wilks, Simon"]
[Result "1/2-1/2"]
[WhiteElo "2123"]
[BlackElo "1935"]
[WhiteFideId "1102699"]
[BlackFideId "427357"]
[EventDate "2016.12.09"]

1. Nf3 d5 2. d4 Nf6 3. g3 e6 4. Bg2 b5 5. O-O Be7 6. a4 b4 7. Ne5 Bb7 8. c4 bxc3
9. bxc3 Nbd7 10. c4 c5 11. Nxd7 Qxd7 12. dxc5 Bxc5 13. Ba3 Rc8 14. cxd5 Bxd5 15.
Bxc5 Rxc5 16. Na3 O-O 17. Bxd5 Rxd5 18. Qb3 Rd8 19. Nc4 1/2-1/2

[Event "London Classic Open 2016"]
[Site "London ENG"]
[Date "2016.12.10"]
[Round "2.74"]
[White "Nunbhakdi, Tawin Matthew"]
[Black "Gollain, Marc"]
[Result "0-1"]
[WhiteElo "1923"]
[BlackElo "2122"]
[WhiteFideId "6203310"]
[BlackFideId "603546"]
[EventDate "2016.12.09"]

1. d4 Nf6 2. c4 e6 3. Nf3 c5 4. d5 exd5 5. cxd5 d6 6. Nc3 g6 7. Bf4 Bg7 8. Qa4+
Bd7 9. Qb3 Qc7 10. Nd2 O-O 11. Nc4 Ne8 12. a4 Na6 13. e3 Nb4 14. e4 a6 15. Be2
Kh8 16. O-O f5 17. f3 Rd8 18. Rad1 b5 19. axb5 axb5 20. Na3 Rb8 21. Naxb5 Bxb5
22. Nxb5 Qd7 23. Qc4 Bxb2 24. Nc3 Qg7 25. Nb5 Be5 26. Bxe5 Qxe5 27. Ra1 Nf6 28.
Rad1 fxe4 29. f4 Qe7 30. Kh1 Qd7 31. Nc3 Rfe8 32. h3 Nc2 33. Nxe4 Nxe4 34. Qxc2
Ng3+ 0-1

[Event "London Classic Open 2016"]
[Site "London ENG"]
[Date "2016.12.10"]
[Round "2.75"]
[White "Hrdina, Robin"]
[Black "Rocco, Federico"]
[Result "1/2-1/2"]
[WhiteElo "2120"]
[BlackElo "1927"]
[WhiteFideId "339342"]
[BlackFideId "431362"]
[EventDate "2016.12.09"]

1. b3 Nf6 2. Bb2 g6 3. e3 Bg7 4. Be2 O-O 5. f4 d6 6. Nf3 Nc6 7. O-O e5 8. Nc3 e4
9. Nd4 Nxd4 10. exd4 h5 11. Qe1 d5 12. Nd1 Ne8 13. Rb1 Nd6 14. Ne3 Nf5 15. c3 b6
16. Ba3 Re8 17. Bb5 Bd7 18. Nxf5 Bxb5 19. Nxg7 Kxg7 20. Rf2 Bd3 21. Rc1 a5 22.
f5 g5 23. Be7 Rxe7 24. f6+ Kg6 25. fxe7 Qxe7 26. c4 dxc4 27. bxc4 f5 28. c5 b5
29. d5 f4 30. h4 Rd8 31. hxg5 Qxg5 32. d6 cxd6 33. c6 b4 34. c7 Rc8 35. Rc6 Qe5
36. Qc1 Qd4 37. Kh1 Qxf2 38. Rxd6+ Kf5 39. Qc6 Qe1+ 40. Kh2 Qg3+ 41. Kh1 Qg7 42.
Rd5+ Kg4 43. Kh2 Kh4 44. Qe6 Qg3+ 45. Kg1 Qe1+ 46. Kh2 Qg3+ 47. Kg1 Qe1+ 48. Kh2
Qg3+ 49. Kg1 1/2-1/2

[Event "London Classic Open 2016"]
[Site "London ENG"]
[Date "2016.12.10"]
[Round "2.76"]
[White "Harari, Zaki"]
[Black "Garcia Serrano, Jose M.2"]
[Result "1-0"]
[WhiteElo "2102"]
[BlackElo "1913"]
[WhiteFideId "2002639"]
[BlackFideId "2285215"]
[EventDate "2016.12.09"]

1. e4 e5 2. Nf3 Nc6 3. Bc4 Nf6 4. d3 h6 5. O-O Bc5 6. c3 Bb6 7. a4 d6 8. Nbd2
Bg4 9. h3 Bd7 10. Ba2 g5 11. Nh2 Rg8 12. Nc4 a6 13. Nxb6 cxb6 14. Be3 Rg7 15. g4
Qe7 16. Bxb6 h5 17. f3 Qf8 18. Rf2 Qh8 19. d4 hxg4 20. hxg4 Rg6 21. Rg2 Rh6 22.
Bc7 Rc8 23. Bxd6 Nxg4 24. fxg4 Rxd6 25. Qf3 exd4 26. Qxf7+ Kd8 27. Rf1 d3 28.
Bd5 Ne5 29. Qf2 Rc7 30. Qd4 Rh6 31. Rgf2 Qg7 32. Rf8+ Ke7 33. R8f7+ Qxf7 34.
Qxe5+ 1-0

[Event "London Classic Open 2016"]
[Site "London ENG"]
[Date "2016.12.10"]
[Round "2.77"]
[White "Cohen, Ronnie"]
[Black "Grassie, Duncan"]
[Result "0-1"]
[WhiteElo "1903"]
[BlackElo "2100"]
[WhiteFideId "412082"]
[BlackFideId "411787"]
[EventDate "2016.12.09"]

1. e4 e6 2. d4 d5 3. Nc3 Nf6 4. e5 Nfd7 5. f4 c5 6. Nf3 Nc6 7. Be3 Qb6 8. Na4
Qa5+ 9. c3 cxd4 10. b4 Qc7 11. Nxd4 Nxd4 12. Bxd4 Be7 13. Bd3 b6 14. O-O f5 15.
Qe2 Bb7 16. Nb2 O-O 17. g4 g6 18. g5 Rac8 19. Kf2 Nb8 20. a3 Nc6 21. Na4 Qd7 22.
Bb5 Qc7 23. Be3 Nb8 24. Bd4 Bc6 25. Bxc6 Nxc6 26. Be3 Qd7 27. Qd1 Rfd8 28. Bd2
b5 29. Nb2 a5 30. h4 d4 31. Kg3 dxc3 32. Bxc3 axb4 33. Bxb4 Nxb4 34. Qxd7 Rxd7
35. axb4 Rc3+ 36. Rf3 Bxb4 37. Ra8+ Kf7 38. Rb8 Rd2 39. Rb7+ Ke8 40. Na4 bxa4
41. Rxb4 Rxf3+ 42. Kxf3 a3 43. Rb8+ Rd8 44. Rb6 Ra8 45. Rb1 a2 46. Ra1 Kd7 47.
Ke3 Kc6 48. Kd4 Ra4+ 49. Kc3 Kd5 50. Kb3 Ra7 0-1

[Event "London Classic Open 2016"]
[Site "London ENG"]
[Date "2016.12.10"]
[Round "2.78"]
[White "Compton, Alistair"]
[Black "Tirado Parra, Alberto"]
[Result "1-0"]
[WhiteElo "2099"]
[BlackElo "1908"]
[WhiteFideId "4300645"]
[BlackFideId "2265354"]
[EventDate "2016.12.09"]

1. e4 d6 2. d4 Nd7 3. Nf3 Ngf6 4. e5 dxe5 5. dxe5 Ng4 6. Bf4 e6 7. Nc3 Bc5 8.
Ne4 Qe7 9. h3 Nh6 10. Bxh6 gxh6 11. Qd2 f5 12. exf6 Nxf6 13. Nxc5 Qxc5 14. O-O-O
Bd7 15. Qd4 Qxd4 16. Rxd4 Bc6 17. Ne5 Bd5 18. c4 Be4 19. f3 Bg6 20. Bd3 Bxd3 21.
Rxd3 Rg8 22. g4 Rd8 23. f4 Rxd3 24. Nxd3 Ke7 25. Re1 Rd8 26. Kc2 Rd4 27. Kc3 Re4
28. g5 1-0

[Event "London Classic Open 2016"]
[Site "London ENG"]
[Date "2016.12.10"]
[Round "2.79"]
[White "Newton, Andrew"]
[Black "Bhatia, Kanwal K"]
[Result "1-0"]
[BlackTitle "WFM"]
[WhiteElo "1887"]
[BlackElo "2096"]
[WhiteFideId "2403285"]
[BlackFideId "407496"]
[EventDate "2016.12.09"]

1. d4 Nf6 2. c4 c5 3. d5 b5 4. cxb5 a6 5. bxa6 g6 6. Nc3 Bg7 7. Nf3 Qa5 8. Bd2
O-O 9. e4 Bxa6 10. a4 Bxf1 11. Kxf1 Qb4 12. Qe2 d6 13. g3 Nbd7 14. Kg2 Rfb8 15.
Rhe1 Qb3 16. e5 Nxe5 17. Nxe5 dxe5 18. Qxe5 Rb7 19. d6 Ne8 20. Qxc5 Nxd6 21. Nd5
Nf5 22. Bc3 e6 23. Bxg7 Nxg7 24. Nf6+ Kh8 25. a5 Nf5 26. a6 Rbb8 27. Nd7 Rb5 28.
Qc3+ Kg8 29. Red1 Qxb2 30. Qc6 Ra7 31. Qc8+ 1-0

[Event "London Classic Open 2016"]
[Site "London ENG"]
[Date "2016.12.10"]
[Round "2.80"]
[White "Stefanetti, Marco"]
[Black "Levene, Joseph"]
[Result "1-0"]
[WhiteElo "2093"]
[BlackElo "1895"]
[WhiteFideId "815179"]
[BlackFideId "423599"]
[EventDate "2016.12.09"]

1. e4 e5 2. Nf3 Nc6 3. Bc4 Nf6 4. d3 Bc5 5. c3 d6 6. Bb3 h6 7. h3 O-O 8. Be3
Bxe3 9. fxe3 d5 10. exd5 Nxd5 11. Qe2 Be6 12. Nbd2 Qe7 13. Ba4 f6 14. Nh4 Rfe8
15. O-O Qc5 16. Rae1 Nf4 17. Rxf4 exf4 18. d4 Qa5 19. Bc2 fxe3 20. Nb3 Qg5 21.
Nf3 Qg3 22. Nc5 Bd5 23. Qd3 Bxf3 24. Qh7+ Kf7 25. Bb3+ Ke7 26. Rxe3+ Ne5 27. Qc2
Qg5 28. Qf2 Bc6 29. Ne6 Nf3+ 30. Rxf3 Qc1+ 31. Kh2 Bxf3 32. Qxf3 c6 33. Qg3 Rac8
34. Qxg7+ Kd6 35. Qg3+ Ke7 36. Nf4 Rg8 37. Bxg8 Rxg8 38. Qxg8 Qxf4+ 39. Qg3 Qd2
40. b4 Ke6 41. a4 Kd5 42. Qf3+ Ke6 43. b5 cxb5 44. axb5 a5 45. bxa6 bxa6 46.
Qc6+ Kf7 47. Qc4+ Kg6 48. Qg8+ 1-0

[Event "London Classic Open 2016"]
[Site "London ENG"]
[Date "2016.12.10"]
[Round "2.81"]
[White "Johnson, Daniel"]
[Black "Mueller, Martin2"]
[Result "1/2-1/2"]
[WhiteElo "1877"]
[BlackElo "2088"]
[WhiteFideId "1721283"]
[BlackFideId "4649974"]
[EventDate "2016.12.09"]

1. d4 d5 2. Nf3 Nf6 3. Bf4 c5 4. e3 Nc6 5. c3 Qb6 6. Qc2 Nh5 7. dxc5 Qxc5 8. Be5
a6 9. Nbd2 Nxe5 10. Nxe5 g6 11. Be2 Bg7 12. Nd3 Qd6 13. e4 Nf4 14. Nxf4 Qxf4 15.
exd5 O-O 16. Qe4 Qc7 17. O-O Bf5 18. Qf3 b5 19. a3 Rad8 20. a4 Rb8 21. axb5 axb5
22. Bd3 Bc8 23. Rfe1 b4 24. Rac1 Qa7 25. Nc4 h5 26. h3 Qc5 27. Ne5 Bb7 28. Nd7
Qd6 29. Nxf8 Rxf8 30. Be4 Bh6 31. Rcd1 Rc8 32. g4 hxg4 33. hxg4 bxc3 34. bxc3
Bg7 35. Rc1 Rc4 36. Qe2 Rxc3 37. Rxc3 Bxc3 38. Rc1 Bd4 39. Qf3 Qe5 40. Kg2 Kg7
41. Re1 Bc3 42. Rb1 Ba8 43. Rb3 Bd4 44. Rb5 e6 45. Ra5 Bb7 46. Rb5 Ba8 47. Ra5
Bb7 1/2-1/2